Biggest African Cities by Letter - G - Statistics

General Stats
  • This quiz has been taken 281 times
    212 since last reset
  • The average score is 5 of 18
Answer Stats
Pop Country Hint City % Correct
4,458,135 Egypt The Pyramids Giza
100%
246,325 Botswana Capital city Gaborone
81%
135,467 Burundi Capital city Gitega
79%
876,436 South Africa East Cape capital Gqeberha
41%
377,112 DRC Mount Nyiragongo Goma
37%
466,000 Ethiopia "Camelot of Africa" Gondar
30%
157,397 South Africa Golf tournaments George
22%
436,899 Cameroon Bénoué National Park Garoua
19%
560,000 Nigeria Fulani people Gombe
16%
745,000 Somalia 3rd largest city Galkayo
14%
177,400 Uganda LRA terrorist victims Gulu
10%
149,209 Rwanda 2nd largest city Gisenyi
7%
160,465 Ivory Coast Vegedream de _____ Gagnoa
6%
253,262 Benin Cotonou suburb Godomey
6%
163,399 Kenya Bour-Algi Giraffe Sanctuary Garissa
5%
365,000 Nigeria Dangote Cement Gboko
5%
318,006 Tanzania Gold mining Geita
2%
157,754 Egypt Oldest city in Africa Girga
2%
No matching quizzes found
Score Distribution
Percent of People with Each Score
Percentile by Number Answered
Your Score History
You have not taken this quiz since the last reset